| 000 | 00778nam a2200253 a 4500 | ||
|---|---|---|---|
| 001 | 67278 | ||
| 003 | BD-RjUL | ||
| 005 | 20211209081631.0 | ||
| 008 | 170323s1986 enk b 001 0 eng | ||
| 020 | _a0198519710 (alk. paper) | ||
| 035 | _a(BD-RjUL)67409 | ||
| 040 |
_aDLC _cDLC _dBD-RjUL _beng |
||
| 041 | _aeng | ||
| 051 |
_aQC21.2 _b.P35 1986 |
||
| 082 | 0 | 0 |
_a530 _223 _bPAI 1986 |
| 100 | 1 |
_aPais, Abraham, _d1918-2000. _9199339 |
|
| 245 | 1 | 0 |
_aInward bound : _bof matter and forces in the physical world / _cAbraham Pais. |
| 260 |
_aNew York : _bOxford University Press, _c1986. |
||
| 300 |
_axiv, 666 p. ; _c25 cm. |
||
| 504 | _aIncludes bibliographies and indexes. | ||
| 650 | 0 |
_aPhysics _xHistory _y20th century. _9199340 |
|
| 942 |
_2ddc _cBK |
||
| 999 |
_c67278 _d67278 |
||